|
|
|
|
| LEADER |
02226cas a2200313 a 4500 |
| 001 |
AALejournalIMF021640 |
| 008 |
230101c9999 xx r poo 0 0eng d |
| 020 |
|
|
|c 18.00 USD
|
| 020 |
|
|
|z 9781513573519
|
| 022 |
|
|
|a 1018-5941
|
| 040 |
|
|
|a BD-DhAAL
|c BD-DhAAL
|
| 100 |
1 |
|
|a El-Ganainy, Asmaa.
|
| 245 |
1 |
0 |
|a Inclusivity in the Labor Market /
|c Asmaa El-Ganainy, Ekkehard Ernst, Rossana Merola, Richard Rogerson.
|
| 264 |
|
1 |
|a Washington, D.C. :
|b International Monetary Fund,
|c 2021.
|
| 300 |
|
|
|a 1 online resource (50 pages)
|
| 490 |
1 |
|
|a IMF Working Papers
|
| 500 |
|
|
|a <strong>Off-Campus Access:</strong> No User ID or Password Required
|
| 500 |
|
|
|a <strong>On-Campus Access:</strong> No User ID or Password Required
|
| 506 |
|
|
|a Electronic access restricted to authorized BRAC University faculty, staff and students
|
| 520 |
3 |
|
|a Labor earnings are the dominant income source for most individuals. Thus, an inclusive labor market is key for ensuring inclusive growth. In this paper we propose four principles that an inclusive labor market will embody: access, fairness, protection and voice. While measuring inclusivity presents challenges, we discuss how data can be used to shed light on the extent of inclusivity and document cross-country trends and stylized facts. We also discuss the role of policy in achieving an inclusive labor market, focusing on the need to rebalance growth; improve risk sharing; and fight discrimination. Several messages emerge. First, some policies entail a trade-off between the different dimensions of inclusivity. Second, it is important to view policies as a bundle, taking into account substitution and complementarities. Third, some policies are win-win, in the sense that they both increase inclusivity and improve overall efficiency.
|
| 538 |
|
|
|a Mode of access: Internet
|
| 650 |
|
7 |
|a Foreign Exchange
|2 imf
|
| 650 |
|
7 |
|a Informal Economy
|2 imf
|
| 650 |
|
7 |
|a Underground Econom
|2 imf
|
| 700 |
1 |
|
|a Ernst, Ekkehard.
|
| 700 |
1 |
|
|a Merola, Rossana.
|
| 700 |
1 |
|
|a Rogerson, Richard.
|
| 830 |
|
0 |
|a IMF Working Papers; Working Paper ;
|v No. 2021/141
|
| 856 |
4 |
0 |
|z Full text available on IMF
|u http://elibrary.imf.org/view/journals/001/2021/141/001.2021.issue-141-en.xml
|z IMF e-Library
|